[Event "SweCh"]
[Site "Umeå, Sweden"]
[Date "2003.07.07"]
[Round "8"]
[White "Ernst, Thomas"]
[Black "Wedberg, Tom"]
[Result "1/2-1/2"]
[WhiteElo "2442"]
[BlackElo "2539"]
[PlyCount "36"]
[EventDate "2003.06.30"]
[SourceDate "2003.06.29"]

1. e4 e5 2. Nf3 Nc6 3. Bb5 Nf6 4. d3 Ne7 5. O-O Ng6 6. d4 c6 7. Bc4 Nxe4 8.
dxe5 d5 9. exd6 Nxd6 10. Bd3 Be7 11. Nc3 O-O 12. Ne4 Bg4 13. h3 Bxf3 14. Qxf3
Ne5 15. Qg3 Nxd3 16. Qxd3 Nxe4 17. Qxe4 Bf6 18. c3 Re8 1/2-1/2

[Event "SweCh"]
[Site "Umeå, Sweden"]
[Date "2003.07.07"]
[Round "8"]
[White "Brynell, Stellan"]
[Black "Hillarp-Persson, Tiger"]
[Result "1/2-1/2"]
[WhiteElo "2534"]
[BlackElo "2474"]
[PlyCount "85"]
[EventDate "2003.06.30"]
[SourceDate "2003.06.29"]

1. e4 d6 2. d4 Nf6 3. Nc3 g6 4. Nf3 Bg7 5. Be2 O-O 6. O-O Bg4 7. Bg5 Nc6 8. h3
Bxf3 9. Bxf3 h6 10. Be3 e5 11. dxe5 dxe5 12. Ne2 Qe7 13. c3 Nd8 14. Qb3 c6 15.
Rfd1 Ne6 16. Rd2 h5 17. Rad1 Kh7 18. a4 Bh6 19. Bxh6 Kxh6 20. h4 Kg7 21. Ng3
Rfd8 22. Nf1 Rxd2 23. Rxd2 Nc5 24. Qc2 a5 25. Ne3 Qe6 26. Rd1 Qa2 27. Qc1 Qe6
28. Qc2 Kf8 29. Ra1 Rd8 30. Ra3 Kg7 31. g3 Rd3 32. Kg2 Rd8 33. Kg1 Qh3 34. Bg2
Qd7 35. Ra1 Qd2 36. Qxd2 Rxd2 37. Nc4 Rc2 38. f3 Nd3 39. Bf1 Nc5 40. Rb1 Nfd7
41. Ne3 Rd2 42. Nc4 Rc2 43. Ne3 1/2-1/2

[Event "SweCh"]
[Site "Umeå, Sweden"]
[Date "2003.07.07"]
[Round "8"]
[White "Hector, Jonny"]
[Black "Berg, Emanuel"]
[Result "1/2-1/2"]
[WhiteElo "2553"]
[BlackElo "2514"]
[PlyCount "117"]
[EventDate "2003.06.30"]
[SourceDate "2003.06.29"]

1. e4 c5 2. Nf3 d6 3. d4 cxd4 4. Nxd4 Nf6 5. Nc3 Nc6 6. Bc4 Bd7 7. Bb3 g6 8.
O-O Bg7 9. Re1 O-O 10. Bg5 Rc8 11. h3 a6 12. Nf3 Na5 13. Qd2 Be6 14. Rad1 Qc7
15. Nd4 Bxb3 16. axb3 e6 17. Nf3 Ne8 18. Bf4 Nc6 19. Bxd6 Nxd6 20. Qxd6 Qxd6
21. Rxd6 Nb4 22. Rb6 Nxc2 23. Rd1 Rfd8 24. Rxd8+ Rxd8 25. Rxb7 Nd4 26. Nxd4
Bxd4 27. Kf1 Rc8 28. Ke2 Kg7 29. Nd1 Bxb2 30. Ne3 Be5 31. Nc4 Rb8 32. Rd7 Kf6
33. Rd3 Rb5 34. h4 Ke7 35. g3 Bc7 36. f4 f6 37. Kf3 a5 38. g4 h5 39. g5 fxg5
40. hxg5 Rb4 41. Ne3 a4 42. bxa4 Rxa4 43. Ng2 e5 44. Nh4 exf4 45. Nxg6+ Kf7 46.
Nxf4 Bxf4 47. Kxf4 Ra1 48. e5 Rf1+ 49. Rf3 Ra1 50. Kf5 Kg7 51. g6 h4 52. Rd3
Rf1+ 53. Kg5 Rg1+ 54. Kh5 h3 55. Rd7+ Kf8 56. Rd8+ Kg7 57. Rd7+ Kf8 58. Rd8+
Kg7 59. Rd7+ 1/2-1/2

[Event "SweCh"]
[Site "Umeå, Sweden"]
[Date "2003.07.08"]
[Round "9"]
[White "Berg, Emanuel"]
[Black "Ahlander, Björn"]
[Result "0-1"]
[WhiteElo "2514"]
[BlackElo "2319"]
[PlyCount "172"]
[EventDate "2003.06.30"]
[SourceDate "2003.06.29"]

1. e4 c5 2. Nf3 d6 3. d4 cxd4 4. Nxd4 Nf6 5. Nc3 a6 6. Bg5 e6 7. f4 Be7 8. Qf3
Qc7 9. O-O-O Nbd7 10. g4 b5 11. Bxf6 Nxf6 12. g5 Nd7 13. f5 Bxg5+ 14. Kb1 Ne5
15. Qh5 Qe7 16. Nxe6 Bxe6 17. fxe6 g6 18. exf7+ Kxf7 19. Qe2 Kg7 20. Nd5 Qd8
21. Qe1 Rf8 22. h4 Bh6 23. h5 Rc8 24. hxg6 hxg6 25. Bh3 Rc4 26. Qg1 Nf3 27.
Qa7+ Rf7 28. Qxa6 Nd2+ 29. Rxd2 Bxd2 30. Qxb5 Rxe4 31. Qd3 Re1+ 32. Rxe1 Bxe1
33. Be6 Rf8 34. Qd4+ Kh7 35. Qa7+ Kh8 36. Qd4+ Kh7 37. Qa7+ Kh8 38. Ne7 Qe8 39.
Qe3 Bd2 40. Qd4+ Kh7 41. Bg8+ Rxg8 42. Qh4+ Kg7 43. Nxg8 Kxg8 44. Qc4+ Qf7 45.
Qd3 Bf4 46. a4 Qe6 47. Qf1 Bg3 48. Qf3 Qe1+ 49. Ka2 Kg7 50. Qb7+ Kf6 51. c3
Qe6+ 52. Ka3 d5 53. b4 Be5 54. Qa8 Kg7 55. Qa7+ Kf6 56. Qa8 Qd6 57. Kb3 d4 58.
cxd4 Qxd4 59. Qf3+ Kg7 60. a5 g5 61. a6 Qb6 62. Qf5 Qe3+ 63. Kc4 Qd4+ 64. Kb5
Qd5+ 65. Ka4 Qd1+ 66. Kb5 Qd5+ 67. Ka4 Qc6+ 68. Kb3 Bf6 69. Qa5 Qf3+ 70. Ka4
Qd1+ 71. Kb5 Qd5+ 72. Ka4 Qd1+ 73. Kb5 Bd8 74. Qa3 Qd5+ 75. Ka4 Qc6+ 76. Kb3
Qf3+ 77. Ka4 Qc6+ 78. Kb3 Qf3+ 79. Ka4 Qxa3+ 80. Kxa3 Bb6 81. Ka4 g4 82. Kb5
Be3 83. Kc4 g3 84. Kd3 g2 85. Kxe3 g1=Q+ 86. Kd3 Qb6 0-1

[Event "SweCh"]
[Site "Umeå, Sweden"]
[Date "2003.07.08"]
[Round "9"]
[White "Agrest, Evgenij"]
[Black "Tikkanen, Hans"]
[Result "1-0"]
[WhiteElo "2591"]
[BlackElo "2337"]
[PlyCount "121"]
[EventDate "2003.06.30"]
[SourceDate "2003.06.29"]

1. Nf3 c5 2. c4 g6 3. d4 cxd4 4. Nxd4 Nc6 5. e4 Bg7 6. Be3 Nf6 7. Nc3 O-O 8.
Be2 d6 9. O-O Bd7 10. Qd2 Nxd4 11. Bxd4 Bc6 12. f3 a5 13. b3 Nd7 14. Bf2 Nc5
15. Rab1 Qc7 16. Rfd1 Rfb8 17. Bf1 Qc8 18. Qe1 Qf8 19. Nd5 b6 20. Bh4 Ra7 21.
Kh1 Bxd5 22. Rxd5 e6 23. Rdd1 e5 24. Rd5 Ne6 25. Rbd1 Rd7 26. Bf2 Nc7 27. R5d3
Ne6 28. g3 Nd4 29. Bh3 Rc7 30. a4 Qe8 31. Qf1 Qe7 32. Be3 Nc2 33. Bc1 Nd4 34.
Qf2 h6 35. Be3 Kh7 36. Bg2 Rd8 37. f4 Rf8 38. Rf1 Ra7 39. Bc1 Rd8 40. f5 gxf5
41. exf5 Bf6 42. Be4 Rg8 43. Qg2 Kg7 44. Qh3 Rh8 45. Qh5 Rd7 46. Be3 Rdd8 47.
Bd5 Rdg8 48. Bc1 Rd8 49. Bb2 Rd7 50. Re1 Qd8 51. Re4 Qc8 52. Bxd4 exd4 53. Be6
Qb7 54. Qg4+ Kf8 55. Bxd7 Qxd7 56. Rexd4 Bxd4 57. Qxd4 Kg8 58. Qf4 Qc6+ 59. Kg1
Qc5+ 60. Kg2 Qc6+ 61. Kh3 1-0

[Event "SweCh"]
[Site "Umeå, Sweden"]
[Date "2003.07.08"]
[Round "9"]
[White "Lindberg, Bengt"]
[Black "Ernst, Thomas"]
[Result "1/2-1/2"]
[WhiteElo "2436"]
[BlackElo "2442"]
[PlyCount "153"]
[EventDate "2003.06.30"]
[SourceDate "2003.06.29"]

1. e4 e5 2. Nf3 Nc6 3. Bb5 a6 4. Ba4 Nf6 5. O-O Be7 6. Re1 b5 7. Bb3 d6 8. c3
O-O 9. h3 h6 10. d4 Re8 11. Nbd2 Bf8 12. Nf1 Bb7 13. Ng3 Na5 14. Bc2 Nc4 15. b3
Nb6 16. a4 c6 17. Nf5 Qc7 18. dxe5 dxe5 19. Nh2 Re6 20. Qe2 bxa4 21. bxa4 a5
22. Bb3 Ba6 23. Qa2 Ree8 24. Ng4 Nxg4 25. hxg4 Bc8 26. g5 hxg5 27. Bxg5 Be6 28.
Re3 Nd7 29. Rg3 g6 30. Rd1 Nc5 31. Bxe6 Nxe6 32. Nh6+ Bxh6 33. Bxh6 Rad8 34.
Rf1 Rd6 35. Qe2 Nf4 36. Qg4 Qd7 37. Bxf4 Qxg4 38. Rxg4 exf4 39. Rxf4 Rd3 40.
Rc1 Re5 41. Rb1 Re7 42. Rf3 Rxf3 43. gxf3 Rd7 44. Rb8+ Kg7 45. Ra8 Rd3 46. Rxa5
Rxc3 47. Kg2 Ra3 48. e5 c5 49. Ra7 Kf8 50. Kg3 c4 51. Kg4 c3 52. f4 c2 53. Rc7
Rxa4 54. Rxc2 Ra1 55. f5 Rg1+ 56. Kf4 gxf5 57. Kxf5 Ke7 58. f4 Ke8 59. Rc7 Kf8
60. Ra7 Ke8 61. Ra3 Ke7 62. Ke4 Re1+ 63. Re3 Ra1 64. f5 Ra4+ 65. Kf3 f6 66. e6
Ra6 67. Kf4 Ra4+ 68. Kg3 Ra5 69. Rf3 Rb5 70. Kg4 Rb4+ 71. Kh5 Rb1 72. Rg3 Rh1+
73. Kg4 Rf1 74. Ra3 Rg1+ 75. Kf4 Rf1+ 76. Ke4 Re1+ 77. Re3 1/2-1/2

[Event "SweCh"]
[Site "Umeå, Sweden"]
[Date "2003.07.08"]
[Round "9"]
[White "Olsson, Anders"]
[Black "Brynell, Stellan"]
[Result "1-0"]
[WhiteElo "2383"]
[BlackElo "2534"]
[PlyCount "91"]
[EventDate "2003.06.30"]
[SourceDate "2003.06.29"]

1. e4 e6 2. d4 d5 3. Nd2 c5 4. Ngf3 Nc6 5. exd5 exd5 6. Bb5 Bd6 7. O-O cxd4 8.
Nb3 Nge7 9. Nfxd4 O-O 10. Re1 Qc7 11. g3 Ne5 12. Be2 a6 13. a4 Bd7 14. Bd2 Rfe8
15. Bc3 Rac8 16. a5 Rcd8 17. Bf1 Bg4 18. Qd2 Qc8 19. Bg2 Nc4 20. Qc1 Be5 21.
Nd2 Bf6 22. Nxc4 Qxc4 23. Qd2 Rc8 24. Ne2 Bxc3 25. Nxc3 Be6 26. Ra4 Qc5 27. Rc1
Bd7 28. Rd4 Bc6 29. Ne2 Bb5 30. Nf4 Bc6 31. Nxd5 Nxd5 32. Bxd5 Bxd5 33. Rxd5
Qc4 34. Rd4 Qe6 35. c4 h6 36. b4 Qf5 37. c5 Rc7 38. Re1 Rcc8 39. Kg2 g6 40.
Rxe8+ Rxe8 41. Qxh6 Qb1 42. Qf4 Re1 43. Rd8+ Kg7 44. Qd4+ f6 45. Qd7+ Kh6 46.
Rh8+ 1-0

[Event "SweCh"]
[Site "Umeå, Sweden"]
[Date "2003.07.09"]
[Round "10"]
[White "Ahlander, Björn"]
[Black "Wedberg, Tom"]
[Result "1/2-1/2"]
[WhiteElo "2389"]
[BlackElo "2539"]
[PlyCount "150"]
[EventDate "2003.06.30"]
[SourceDate "2003.06.29"]

1. d4 Nf6 2. c4 e6 3. Nc3 c5 4. d5 exd5 5. cxd5 d6 6. e4 g6 7. f4 Bg7 8. Bb5+
Nfd7 9. a4 O-O 10. Nf3 Na6 11. O-O Nb4 12. Kh1 a6 13. Bxd7 Bxd7 14. f5 h6 15.
Bf4 Qe7 16. Qd2 Kh7 17. Rae1 c4 18. f6 Bxf6 19. Bxh6 Nd3 20. e5 dxe5 21. d6 Qd8
22. Bxf8 Qxf8 23. Ne4 Bd8 24. Nfg5+ Bxg5 25. Rxf7+ Qxf7 26. Nxg5+ Kg7 27. Nxf7
Kxf7 28. Qg5 Re8 29. Rf1+ Kg7 30. Qf6+ Kh6 31. h4 Nf4 32. g3 Nh5 33. Qg5+ Kg7
34. Kh2 Bc6 35. a5 Re6 36. Qd8 Nf6 37. Kg1 e4 38. g4 e3 39. g5 Nd7 40. Qc7 Re4
41. Qd8 e2 42. Re1 Ne5 43. Qf6+ Kg8 44. h5 gxh5 45. Qd8+ Kg7 46. Qe7+ Kg8 47.
Qe6+ Kg7 48. Qh6+ Kg8 49. Qe6+ Kg7 50. Qh6+ Kg8 51. Qxh5 Rh4 52. d7 Bxd7 53.
Qxe2 Nd3 54. Qe7 Rg4+ 55. Kh2 Rh4+ 56. Kg1 Rg4+ 57. Kf1 Rf4+ 58. Ke2 Bg4+ 59.
Ke3 Rf3+ 60. Kd4 Nxe1 61. Qxe1 Bd7 62. Qe4 Bc6 63. Qe6+ Kg7 64. Qh6+ Kg8 65. g6
Rd3+ 66. Kxc4 Rd7 67. Kc5 Bb5 68. b4 Ba4 69. Kb6 Bb5 70. Ka7 Bd3 71. Qh3 Bb5
72. Qc3 b6+ 73. Kxb6 Rd6+ 74. Kc7 Rxg6 75. Kd8 Rg7 1/2-1/2

[Event "SweCh"]
[Site "Umeå, Sweden"]
[Date "2003.07.09"]
[Round "10"]
[White "Olsson, Anders"]
[Black "Berg, Emanuel"]
[Result "0-1"]
[WhiteElo "2383"]
[BlackElo "2514"]
[PlyCount "106"]
[EventDate "2003.06.30"]
[SourceDate "2003.06.29"]

1. e4 e6 2. d4 d5 3. Nd2 Nf6 4. e5 Nfd7 5. c3 c5 6. Bd3 Nc6 7. Ne2 cxd4 8. cxd4
f6 9. exf6 Nxf6 10. Nf3 Bd6 11. O-O Qc7 12. g3 O-O 13. Bf4 Ng4 14. Bxd6 Qxd6
15. Nc3 e5 16. dxe5 Ngxe5 17. Nxe5 Qxe5 18. f4 Qd4+ 19. Rf2 Be6 20. Qc2 h6 21.
Rd1 Qf6 22. Qa4 a6 23. Bb1 Rad8 24. a3 Rfe8 25. Qc2 Ne7 26. Rfd2 Kf8 27. Ba2
Bg4 28. Rf1 Qb6+ 29. Kh1 Bf5 30. Qa4 Bh3 31. Rfd1 Qe3 32. Qd4 Nf5 33. Qxe3 Nxe3
34. Rc1 d4 35. Nd1 Nc4 36. Nf2 Nxd2 37. Nxh3 d3 38. f5 Nf3 39. Nf4 Re1+ 40.
Rxe1 Nxe1 41. Ne6+ Ke7 42. Nxd8 Kxd8 43. Kg1 d2 44. Bb3 Nd3 45. Kf1 Nxb2 46.
Ke2 d1=Q+ 47. Bxd1 Nxd1 48. Kxd1 Ke7 49. Ke2 Kf6 50. g4 b5 51. Ke3 a5 52. Kd4
Kg5 53. h3 Kh4 0-1

[Event "SweCh"]
[Site "Umeå, Sweden"]
[Date "2003.07.10"]
[Round "11"]
[White "Hillarp-Persson, Tiger"]
[Black "Tikkanen, Hans"]
[Result "1-0"]
[WhiteElo "2474"]
[BlackElo "2337"]
[PlyCount "65"]
[EventDate "2003.06.30"]
[SourceDate "2003.06.29"]

1. d4 Nf6 2. c4 e6 3. Nf3 b6 4. Nc3 Bb4 5. Bg5 Bb7 6. Nd2 h6 7. Bh4 c5 8. a3
Bxc3 9. bxc3 d6 10. e3 Qe7 11. a4 a5 12. f3 Nbd7 13. Bd3 g5 14. Bf2 Rg8 15. e4
h5 16. Rb1 O-O-O 17. Rb2 Kb8 18. Qe2 Ka7 19. O-O e5 20. Re1 h4 21. Nf1 Rb8 22.
Ne3 Ba6 23. Nf5 Qf8 24. Rd1 Nh5 25. Qe3 Rg6 26. Bf1 Nf4 27. Rbd2 Rd8 28. g3
hxg3 29. hxg3 Qh8 30. dxc5 Nh3+ 31. Bxh3 Qxh3 32. cxb6+ Kb8 33. b7 1-0

[Event "SweCh"]
[Site "Umeå, Sweden"]
[Date "2003.07.10"]
[Round "11"]
[White "Karlsson, Lars"]
[Black "Ernst, Thomas"]
[Result "1/2-1/2"]
[WhiteElo "2478"]
[BlackElo "2442"]
[PlyCount "125"]
[EventDate "2003.06.30"]
[SourceDate "2003.06.29"]

1. Nf3 c5 2. c4 Nc6 3. g3 e5 4. Nc3 g6 5. Bg2 Bg7 6. O-O d6 7. a3 a5 8. d3 Nge7
9. Bg5 f6 10. Be3 O-O 11. Ne1 Rb8 12. Nc2 Be6 13. Rb1 Qd7 14. b4 axb4 15. axb4
b6 16. bxc5 bxc5 17. Rxb8 Rxb8 18. Qa1 Bh3 19. Bxh3 Qxh3 20. Rb1 Rxb1+ 21. Qxb1
Qd7 22. Qb6 Qa7 23. Qxa7 Nxa7 24. Na3 Kf7 25. Nab5 Nec8 26. Bd2 Nc6 27. Nd5 f5
28. e4 Bf6 29. Kf1 Bd8 30. Ke2 Ba5 31. Bg5 Bd8 32. Bc1 Ke6 33. f3 Nb6 34. Be3
Nd7 35. exf5+ gxf5 36. g4 fxg4 37. fxg4 e4 38. Nf4+ Ke7 39. Nd5+ Ke6 40. Nf4+
Ke7 41. Nd5+ Ke6 42. d4 cxd4 43. Nxd4+ Nxd4+ 44. Bxd4 Bg5 45. Nc7+ Kf7 46. h3
Kg6 47. Nb5 Bf4 48. Nc3 Be5 49. Ke3 Kg5 50. Nxe4+ Kh4 51. Bxe5 dxe5 52. g5 Nb8
53. c5 Na6 54. Kf3 Nxc5 55. Nxc5 Kxh3 56. Ne6 Kh4 57. Ke4 Kh5 58. Kf5 e4 59.
Nf4+ Kh4 60. Nd5 Kg3 61. Kxe4 Kg4 62. Nf6+ Kxg5 63. Nxh7+ 1/2-1/2

[Event "SweCh"]
[Site "Umeå, Sweden"]
[Date "2003.07.10"]
[Round "11"]
[White "Lindberg, Bengt"]
[Black "Ahlander, Björn"]
[Result "1/2-1/2"]
[WhiteElo "2436"]
[BlackElo "2389"]
[PlyCount "91"]
[EventDate "2003.06.30"]
[SourceDate "2003.06.29"]

1. e4 e5 2. Nf3 Nc6 3. Bb5 a6 4. Ba4 Nf6 5. O-O Be7 6. Re1 b5 7. Bb3 O-O 8. a4
b4 9. d3 d6 10. Nbd2 Rb8 11. a5 Kh8 12. c3 Be6 13. Nc4 bxc3 14. bxc3 Nd7 15.
Ba4 Na7 16. Bc2 Nb5 17. Bd2 c6 18. Ne3 Bf6 19. Nf5 g6 20. Ng3 Nc5 21. c4 Nc7
22. h3 Bd7 23. Bc3 N7e6 24. d4 exd4 25. Nxd4 Be5 26. Nge2 Kg8 27. Ra3 Qf6 28.
Nf3 Bxc3 29. Rxc3 Nf4 30. Nfd4 Rfe8 31. Nxf4 Qxf4 32. Rce3 Rb4 33. Nf5 Bxf5 34.
exf5 Rxe3 35. Rxe3 Rxc4 36. Qe2 gxf5 37. g3 Qd4 38. Re8+ Kg7 39. Qh5 Qf6 40.
Bxf5 h6 41. h4 Rc1+ 42. Kg2 Qd4 43. Be4 Nxe4 44. Qg4+ Kf6 45. Qf4+ Kg7 46. Qg4+
1/2-1/2

[Event "SweCh"]
[Site "Umeå, Sweden"]
[Date "2003.07.10"]
[Round "11"]
[White "Wedberg, Tom"]
[Black "Olsson, Anders"]
[Result "0-1"]
[WhiteElo "2539"]
[BlackElo "2383"]
[PlyCount "70"]
[EventDate "2003.06.30"]
[SourceDate "2003.06.29"]

1. e4 e6 2. d4 d5 3. Nc3 Bb4 4. e5 c5 5. a3 Bxc3+ 6. bxc3 Qc7 7. Nf3 Ne7 8. a4
h6 9. dxc5 Nd7 10. Bb5 Ng6 11. O-O O-O 12. Re1 Nxc5 13. Ba3 Rd8 14. Qd4 b6 15.
a5 Bb7 16. Bb4 Rac8 17. Ra3 Ne4 18. Bd3 Nc5 19. Qe3 Ne4 20. Qd4 Nc5 21. Rb1 Ne7
22. Qe3 d4 23. cxd4 Nd5 24. Qd2 Nxd3 25. cxd3 Qd7 26. Bd6 Rc6 27. axb6 axb6 28.
Qe1 Rdc8 29. Nd2 Nf4 30. Nc4 Nxg2 31. Qd2 Nh4 32. Qf4 b5 33. Na5 g5 34. Qe3 Rc2
35. h3 Nf3+ 0-1

[Event "SweCh"]
[Site "Umeå, Sweden"]
[Date "2003.07.10"]
[Round "11"]
[White "Berg, Emanuel"]
[Black "Brynell, Stellan"]
[Result "0-1"]
[WhiteElo "2514"]
[BlackElo "2534"]
[PlyCount "66"]
[EventDate "2003.06.30"]
[SourceDate "2003.06.29"]

1. e4 e6 2. d4 d5 3. Nc3 Bb4 4. e5 c5 5. a3 Ba5 6. Qg4 Ne7 7. b4 cxb4 8. Nb5
b3+ 9. c3 Nf5 10. Bd3 O-O 11. Bxf5 exf5 12. Qg3 Qb6 13. a4 a6 14. Ba3 axb5 15.
Bxf8 Kxf8 16. Ne2 b2 17. Rb1 bxa4 18. O-O a3 19. c4 Bd2 20. c5 Qb5 21. Qh4 Nc6
22. Qxh7 Qxe2 23. Qh8+ Ke7 24. Qh4+ Kd7 25. Qh7 Qg4 26. Qg8 Qg6 27. h4 a2 28.
h5 axb1=Q 29. Rxb1 Qxh5 30. e6+ fxe6 31. Qxg7+ Ne7 32. Qe5 Ra1 33. Qd6+ Ke8 0-1

[Event "SweCh"]
[Site "Umeå, Sweden"]
[Date "2003.07.11"]
[Round "12"]
[White "Berg, Emanuel"]
[Black "Wedberg, Tom"]
[Result "1/2-1/2"]
[WhiteElo "2514"]
[BlackElo "2539"]
[PlyCount "33"]
[EventDate "2003.06.30"]
[SourceDate "2003.06.29"]

1. e4 e5 2. Nf3 Nc6 3. d4 exd4 4. Nxd4 Nf6 5. Nc3 Bb4 6. Nxc6 bxc6 7. Bd3 d5 8.
exd5 cxd5 9. O-O O-O 10. Bg5 c6 11. Qf3 Be7 12. Rfe1 Re8 13. h3 h6 14. Bf4 Bd6
15. Bxd6 Qxd6 16. Rxe8+ Nxe8 17. b3 1/2-1/2

[Event "SweCh"]
[Site "Umeå, Sweden"]
[Date "2003.07.11"]
[Round "12"]
[White "Hector, Jonny"]
[Black "Karlsson, Lars"]
[Result "1-0"]
[WhiteElo "2553"]
[BlackElo "2478"]
[PlyCount "99"]
[EventDate "2003.06.30"]
[SourceDate "2003.06.29"]

1. e4 c5 2. Nf3 Nc6 3. d4 cxd4 4. Nxd4 Nf6 5. Nc3 e5 6. Ndb5 h6 7. Be3 d6 8. a4
a6 9. Na3 Be6 10. Nc4 Be7 11. Nb6 Rb8 12. Be2 Nb4 13. Bf3 O-O 14. a5 Qc7 15.
O-O Rfe8 16. Ra4 Nc6 17. Ncd5 Qd8 18. Nc4 Bf8 19. Bb6 Qd7 20. Nxf6+ gxf6 21.
Ne3 Ne7 22. Ra3 Nc8 23. Bg4 Nxb6 24. axb6 Bg7 25. Bf5 Kf8 26. Rd3 Rbd8 27. Nc4
Qc6 28. Rxd6 Bxc4 29. Rxc6 Rxd1 30. Rxd1 bxc6 31. Rd7 Rb8 32. b7 Kg8 33. b3 Be6
34. Rc7 Bxf5 35. exf5 Bf8 36. Kf1 c5 37. Ke2 e4 38. Ke3 Bd6 39. Rc8+ Kg7 40.
Rxb8 Bxb8 41. Kxe4 c4 42. Kd5 cxb3 43. cxb3 Kf8 44. Kc6 Ke7 45. b4 Kd8 46. Kb6
Kd7 47. Kxa6 Kc6 48. h3 Kc7 49. h4 Kc6 50. g4 1-0

[Event "SweCh"]
[Site "Umeå, Sweden"]
[Date "2003.07.11"]
[Round "12"]
[White "Ahlander, Björn"]
[Black "Agrest, Evgenij"]
[Result "0-1"]
[WhiteElo "2389"]
[BlackElo "2591"]
[PlyCount "124"]
[EventDate "2003.06.30"]
[SourceDate "2003.06.29"]

1. d4 Nf6 2. c4 e6 3. Nc3 Bb4 4. Qc2 d6 5. a3 Bxc3+ 6. Qxc3 O-O 7. g3 e5 8.
dxe5 dxe5 9. Bg2 Re8 10. Bg5 h6 11. Rd1 Qe7 12. Bxf6 Qxf6 13. Nf3 Nc6 14. O-O
Be6 15. Rd2 Rad8 16. Rfd1 Rxd2 17. Rxd2 e4 18. Nd4 Nxd4 19. Rxd4 c5 20. Rxe4
Qxc3 21. bxc3 Rd8 22. f4 b6 23. Kf2 Rd2 24. f5 Bxf5 25. Re7 a5 26. Bd5 Bg6 27.
Re8+ Kh7 28. a4 Ra2 29. Bc6 Bc2 30. Re7 f5 31. Bd7 h5 32. h4 Ra3 33. Re3 Be4
34. Be8 g6 35. Bd7 Kg7 36. Be8 Ra1 37. Bb5 Rd1 38. Be8 Kf6 39. Bb5 Kf7 40. Ba6
g5 41. hxg5 Kg6 42. Bb5 Kxg5 43. Be8 Rh1 44. Bf7 Kf6 45. Bd5 Ke5 46. Bc6 Ra1
47. Be8 Kf6 48. Bd7 Kf7 49. Bb5 Rd1 50. Ba6 Kf6 51. Bb5 Kg5 52. Be8 Ra1 53. Bd7
Rh1 54. Be6 h4 55. Bd5 Rh2+ 56. Ke1 h3 57. Bxe4 fxe4 58. Rxe4 Rg2 59. Kd2 Rxg3
60. Re8 Rg4 61. Rh8 Rh4 62. Rg8+ Kf4 0-1

[Event "SweCh"]
[Site "Umeå, Sweden"]
[Date "2003.07.12"]
[Round "13"]
[White "Wedberg, Tom"]
[Black "Brynell, Stellan"]
[Result "1-0"]
[WhiteElo "2539"]
[BlackElo "2534"]
[PlyCount "101"]
[EventDate "2003.06.30"]
[SourceDate "2003.06.29"]

1. e4 e6 2. d4 d5 3. Nc3 Bb4 4. e5 c5 5. a3 Ba5 6. b4 cxd4 7. Nb5 Bc7 8. f4 Bd7
9. Nxc7+ Qxc7 10. Nf3 Ba4 11. Bd3 Qc3+ 12. Bd2 Qxd3 13. cxd3 Bxd1 14. Kxd1 Ne7
15. Ke2 a6 16. a4 Kd7 17. b5 Rc8 18. Rhb1 Ke8 19. Nxd4 Nd7 20. Bb4 Nc5 21. g4
a5 22. Bxc5 Rxc5 23. f5 exf5 24. gxf5 g6 25. f6 Nf5 26. Nxf5 gxf5 27. Rc1 Rac8
28. Rxc5 Rxc5 29. Ke3 Kd7 30. Kd4 b6 31. Rg1 f4 32. Rg8 f3 33. Ke3 d4+ 34. Kxf3
Rxe5 35. Kf4 Re3 36. Rb8 Ke6 37. Rxb6+ Kd5 38. Rb7 Rxd3 39. Rxf7 Ke6 40. Rxh7
Kxf6 41. Ke4 Ra3 42. Kxd4 Rxa4+ 43. Kc5 Ra2 44. b6 a4 45. Ra7 a3 46. b7 Rb2 47.
Kc6 Rc2+ 48. Kd7 Rb2 49. Kc8 Rc2+ 50. Kb8 Rxh2 51. Rxa3 1-0

[Event "SweCh"]
[Site "Umeå, Sweden"]
[Date "2003.07.12"]
[Round "13"]
[White "Karlsson, Lars"]
[Black "Ahlander, Björn"]
[Result "1/2-1/2"]
[WhiteElo "2478"]
[BlackElo "2389"]
[PlyCount "99"]
[EventDate "2003.06.30"]
[SourceDate "2003.06.29"]

1. Nf3 Nf6 2. g3 b5 3. Na3 a6 4. c4 b4 5. Nc2 e6 6. Bg2 Bb7 7. O-O Be7 8. d4
O-O 9. d5 exd5 10. Nh4 c6 11. cxd5 Nxd5 12. e4 Nc7 13. Nf5 Ne6 14. e5 a5 15.
Qg4 g6 16. Bh6 Bg5 17. Bxf8 gxf5 18. Qxf5 Qxf8 19. Rad1 Na6 20. Nd4 Qg7 21.
Rfe1 Nac5 22. Qh3 Ba6 23. f4 Bd8 24. Nf5 Qf8 25. Nh6+ Kg7 26. f5 Ng5 27. f6+
Kh8 28. Qh5 Bb6 29. Kh1 Nd3 30. Rxd3 Bxd3 31. Qxg5 Re8 32. Qd2 Bg6 33. h4 Qc5
34. Qxd7 Rf8 35. Qg4 Qf2 36. Rf1 Qe3 37. Qf4 Qd3 38. Qf3 Qd2 39. Nf5 h5 40. Qf4
Qxf4 41. Rxf4 Bc7 42. Nd6 Bxd6 43. exd6 Rd8 44. Rd4 c5 45. Rd1 c4 46. Bc6 Bf5
47. d7 Kh7 48. Rc1 Kg6 49. Rxc4 Bxd7 50. Be4+ 1/2-1/2